000 01033nam a22003137a 4500
003 CHAP
005 20220329135020.0
008 971013s1977 r 00010 d
010 _a29591
011 _a30563
035 _a34675
040 _cCHAP
082 _a582.12
_bK8
100 0 0 _aKubitzki, Klaus.
_964022
245 _aFlowering plants ; evolution and classification of higher categories
260 _aWien, Austria :
_bSpringer,
_c1977
300 _a416 p.
_b: ilus.
490 _aPlant systematics and evolution. Supplementum
_v; 1
590 _aBATCH-UPD
_b10
_c20130110
_lUCH01
_h2042
590 _aBATCH-UPD
_b10
_c20130410
_lUCH01
_h1356
590 _aBATCH-UPD
_b10
_c20130914
_lUCH01
_h0730
590 _aCONVERSION
_b10
_c20130109
_lUCH01
_h1317
650 1 4 _aBotánica
_xClasificación.
_914516
650 1 4 _aFanerógamas.
_939416
830 0 _aPlant systematics and evolution. Supplementum
_v; 1
_988779
901 _aBK
942 _cLIBRO
949 _a582.12 K8
_bBC
_cLIBRO
_d33724000453262
_eLIBRO
_h57461
_i34675
_si
999 _c29591
_d29591